Florida cities by satellite image - Statistics

General Stats
  • This quiz has been taken 26 times
  • The average score is 6 of 10
Answer Stats
Picture Answer % Correct
Key West
96%
Miami
91%
Jacksonville
83%
Orlando
83%
Tampa
83%
Cape Canaveral
52%
Pensacola
48%
Cape Coral
43%
Tallahassee
39%
Port St Lucie
13%
No matching quizzes found
Score Distribution
Percent of People with Each Score
Percentile by Number Answered
Your Score History
You have not taken this quiz